00540nam a2200133Ia 4500008004100000100002300041245009000064245009800154260005300252260001700305300000800322650001500330856006100345170221s9999 xx 000 0 und d aAleksei V. Bogoviz aServices Infrastructure Forming in the Process of Transport Logistics Stock Movement  cAleksei V. Bogoviz, Yulia V. Ragulina, Svetlana V. Lobova, Boris M. Zhukov, Olga M. Stepanova bInternational Review of Management and Marketing cOctober 2013 a2:3 xMarketing. uhttp://www.econjournals.com/index.php/irmm/issue/view/86